000 00690nam a2200217 4500
001 00028609
005 20260320103425.0
008 260320b ag ||||| |||| 00| 0 spa d
020 _a9501235777
040 _aAR-CcCEOS
_bspa
_cAR-CcCEOS
041 _aspa
080 _a159.922.7
090 _bDOL
100 1 _aDolto, Françoise
_9938
245 _aLa causa de los adolescentes :
_bpor la autora de La causa de los niños, un proyecto humanista para el desarrollo de los 10 a los 16 años /
_cFrancoise Dolto
250 _a1ª ed., 1ª reimp.
260 _aBuenos Aires :
_bPaidós,
_c2005.
300 _a296 p. ;
_c24x15 cm.
655 0 _apsicoanalisis
_9442
942 _2udc
_n0
_cBK
999 _c28639
_d28639